| 000 | 00000nam##2200000za#4500 |
| 001 | 9.602104 |
| 003 | CaOODSP |
| 005 | 20211117142336 |
| 007 | cr ||||||||||| |
| 008 | 150406|1998||||xxc|||||o f|0| 0 fre|d |
| 040 | |aCaOODSP|bfre |
| 043 | |an-cn--- |
| 086 | 1 |aEn153-97/1998-5-1F-PDF |
| 110 | 2 |aCentre Saint-Laurent. |
| 245 | 13|aLe dérangement des espèces fauniques du Saint-Laurent |h[ressource électronique] |
| 260 | |aMontréal - Québec : |bEnvironnement Canada. |c1998. |
| 300 | |a16p.|bcartes en couleur, tableaux, photographies |
| 490 | 1 |aEnjeu : l'état du Saint-Laurent |
| 500 | |aLe n° de catalogue (En153-97/1998-5-1F) et l'ISBN (0-662-82764-3) de l'édition imprimée ont été incorrectement copiés dans l'édition électronique. |
| 504 | |aBibliographie. |
| 590 | |a11-17-Supp|b2011-09-12 |
| 691 | 07|aPollution de l'eau|2gcpds |
| 691 | 07|aÉcosystème|2gcpds |
| 691 | 07|aCours d'eau|2gcpds |
| 775 | 08|tDisturbance of the wildlife of the St. Lawrence River |w(CaOODSP)9.571512 |
| 776 | 0#|tLe dérangement des espèces fauniques du Saint-Laurent |w(CaOODSP)9.624694 |
| 830 | #0|aEnjeu : l'état du Saint-Laurent.|w(CaOODSP)9.502876 |
| 856 | 40|ahttp://publications.gc.ca|qPDF|s670 Ko|uhttps://publications.gc.ca/collections/Collection/En153-97-1998-5-1F.pdf |